Tribhuvan University Central Library

Molecular physics (Record no. 50200)

MARC details
000 -LEADER
fixed length control field 00526 a2200205 4500
041 ## - LANGUAGE CODE
Language code of text/sound track or separate title Eng.
082 ## - DEWEY DECIMAL CLASSIFICATION NUMBER
Classification number 539.12
Item number M437m
100 ## - MAIN ENTRY--PERSONAL NAME
Personal name Matveev, A. N.
9 (RLIN) 8448
245 ## - TITLE STATEMENT
Title Molecular physics
260 ## - PUBLICATION, DISTRIBUTION, ETC.
Place of publication, distribution, etc. Moscow
Name of publisher, distributor, etc. Mir Publishers
Date of publication, distribution, etc. 1985
300 ## - PHYSICAL DESCRIPTION
Extent 448p.
Other physical details illus.
500 ## - GENERAL NOTE
General note Tr. from Russian by Natasha Deineko and Ram Wachwa
650 ## - SUBJECT ADDED ENTRY--TOPICAL TERM
Topical term or geographic name entry element Moleculus
9 (RLIN) 7881
650 ## - SUBJECT ADDED ENTRY--TOPICAL TERM
Topical term or geographic name entry element Probabilities
9 (RLIN) 4828
650 ## - SUBJECT ADDED ENTRY--TOPICAL TERM
Topical term or geographic name entry element Energy
9 (RLIN) 590
650 ## - SUBJECT ADDED ENTRY--TOPICAL TERM
Topical term or geographic name entry element Thermodynamics
9 (RLIN) 7972
653 ## - INDEX TERM--UNCONTROLLED
Uncontrolled term Physics
942 ## - ADDED ENTRY ELEMENTS (KOHA)
Source of classification or shelving scheme Dewey Decimal Classification
Koha item type General Collections
518 ## - DATE/TIME AND PLACE OF AN EVENT NOTE
-- 20100105
Holdings
Withdrawn status Lost status Source of classification or shelving scheme Damaged status Not for loan Home library Current library Date acquired Total Checkouts Full call number Barcode Date last seen Price effective from Koha item type
    Dewey Decimal Classification     Tribhuvan University Central Library Tribhuvan University Central Library 01/05/2011   539.12 M437m G30132 01/05/2011 01/05/2011 General Collections